Local government management / edited by Nicholas A. Valcik and Teodoro J. Benavides. (Record no. 22604)

000 -LEADER
fixed length control field 00946nam a2200181 4500
020 ## - INTERNATIONAL STANDARD BOOK NUMBER
ISBN 9780367029036
082 ## - DEWEY DECIMAL CLASSIFICATION NUMBER
Classification number 352.14
Item number L811 2023
245 ## - TITLE STATEMENT
Title Local government management / edited by Nicholas A. Valcik and Teodoro J. Benavides.
260 ## - PUBLICATION, DISTRIBUTION, ETC. (IMPRINT)
Place of publication London ; New York, NY :
Name of publisher Routledge,
Year of publication 2023.
300 ## - PHYSICAL DESCRIPTION
Number of Pages 1 online resource, xxii, 409 pages :
Other physical details illustrations.
490 ## - SERIES STATEMENT
Series statement ASPA series in public administration and public policy
500 ## - GENERAL NOTE
General note Includes bibliographical references and index.
505 ## - FORMATTED CONTENTS NOTE
Formatted contents note Leading and managing in local government -- Budgeting and financial management -- Public personnel management -- Community engagement and responsivity -- Resilience and emergency management -- Climate change and sustainability -- Smart cities and technology -- Infrastructure funding.
650 ## - SUBJECT ADDED ENTRY--TOPICAL TERM
Topical Term Local government -- Management.
700 ## - ADDED ENTRY--PERSONAL NAME
Personal name Valcik, Nicolas A., editor
700 ## - ADDED ENTRY--PERSONAL NAME
Personal name Benavides, Teodoro J., editor
942 ## - ADDED ENTRY ELEMENTS (KOHA)
Koha item type Electronic Books
Holdings
Source of acquisition Permanent Location Date acquired Collection code Koha item type Lost status Shelving location Withdrawn status Current Location Full call number
DonationCagayan State University - Carig Library2026-04-16E-BooksElectronic Books E-Resource Section Cagayan State University - Carig Library352.14 L811 2023

Cagayan State University University Library, Carig Campus
Tuguegarao City, Cagayan 3500 | www.csucarig.edu.ph

Powered by Koha